River Plate Vs Boca Juniors Best XI - Statistics

General Stats
  • This quiz has been taken 21 times
  • The average score is 8 of 22
Answer Stats
Hint Answer % Correct
MF(1996~2014 Juan Román Riquelme
94%
FW(2001~2021 Carlos Tevez
75%
DF(1974~89 Daniel Passarella
75%
FW(1997~2011 Martín Palermo
75%
GK(1976–88 Hugo Gatt
69%
GK(1945-68 Amadeo Carrizo
63%
FW(1939–59 Ángel Labruna
56%
MF(1956–70 Antonio Rattín
50%
MF(1970~87 Norberto Alonso
44%
DF(2010~24 Jonatan Maidana
38%
MF(1969–84 Reinaldo Merlo
38%
FW(1964~77 Oscar Más
31%
DF(1971–84 Roberto Mouzo
31%
DF(1973-79 Alberto Tarantini
25%
DF(1960–72 Silvio Marzolini
25%
MF(1970–81 Juan José López
19%
FW(1935~48 José Manuel Moreno
13%
FW(1926–38 Roberto Cherro
13%
MF(1934–47 Ernesto Lazzatti
6%
DF(1938–53 Norberto Yácono
6%
DF(1967-79 Miguel Nicolau
0%
DF(1935-49 Ricardo Vaghi
0%
No matching quizzes found
Score Distribution
Percent of People with Each Score
Percentile by Number Answered
Your Score History
You have not taken this quiz